00385nam a2200145Ia 4500008004100000020001800041041000800059082001700067100006500084245002300149250000600172260002700178300001200205650002200217210716s2017 xx 000 0 und d a9788126564453 aeng a658.152 CLAM aClayman, Michelle R; Fridson, Martin S; Troughton, George H. aCorporate finance. a2 aNew DelhibWILEYc2017 axix,505 aCorporate Finance